000 00718nas a2200241 4500
001 BR0706807
003 BR-BrBNA
005 20231205111302.0
007 ta
008 230509b bl.|||p| |||| 00| 00por d
040 _aBR-BrBNA
_bpor
_cBiblioteca Nacional de Agricultura
041 _a(Pt)
072 _aL60
100 1 _aBailey, R.L.
100 1 _aSilva, J.A.A. da
245 1 _aTeoria básica de metodos de captura-recaptura
650 _aCAPTURA
650 _aMARCAÇÃO
650 _aTAXONOMIA ANIMAL
773 0 _tAnais da Universidade Federal Rural de Pernambuco (Brazil)
_xISSN 0100-0292
_g(1983-85), v. 8-10 p. 89-102
_wBR0706807
909 _a202311
_bLúcia
_c55
_dLúcia Elande
942 _2AGRIS
_n0
_cANA
999 _c191835
_d191835